000 00460cam a2200193ua 4500
001 5112
008 120306n ii |||gr||||Z||||||eng
040 _cMAIN
082 _a822
100 _aJain, B. B.,
_eEditor,
245 1 1 _aThe rivals
_cby Sheridan
250 _a1st.
260 _aAgra:
_bLakshmi Narain agarwal.
300 _a328p:
_c23cm.
653 _aEnglish drama
700 1 _aSheridan,
_eAuthor,
700 _aDesai, C. N.,
_eEditor,
942 _cBK
999 _c4294
_d4294